Statystyki dla Państwa najwyżej w rankingach (Azja)

Kliknij tutaj aby rozwiązać quiz!

Ogólne statystyki

  • Ten quiz został rozwiązany 1 280 razy
  • Średni wynik to 57 z 70

Statystyki odpowiedzi

RankingLp.Państwo% Poprawnych
2.Chiny
100%
Liczba użyt. internetu1.Chiny
100%
Liczba ludności1.Chiny
100%
3.Indie
98%
3.Indie
98%
8.Indie
98%
2.Indie
98%
Powierzchnia1.Rosja
98%
4.Rosja
98%
6.Rosja
98%
2.Japonia
97%
Długość życia1.Japonia
97%
7.Japonia
97%
9.Japonia
97%
3.Japonia
97%
4.Kazachstan
94%
8.Arabia Saudyjska
91%
5.Arabia Saudyjska
91%
3.Indonezja
91%
6.Indonezja
91%
8.Indonezja
91%
2.Korea Południowa
91%
6.Korea Południowa
91%
4.Korea Południowa
91%
5.Korea Południowa
91%
8.Mongolia
91%
7.Iran
90%
7.Iran
90%
5.Irak
87%
6.Turcja
86%
10.Turcja
86%
10.Turcja
86%
4.Pakistan
85%
9.Pakistan
85%
10.Wietnam
82%
9.Wietnam
82%
8.Oman
81%
10.Izrael
80%
4.Izrael
80%
3.Izrael
80%
4.Afganistan
79%
3.Jemen
79%
9.Zjed. Emiraty Arabskie
78%
Przyrost naturalny1.Zjed. Emiraty Arabskie
78%
10.Zjed. Emiraty Arabskie
78%
7.Katar
77%
6.Katar
77%
5.Bangladesz
76%
4.Bangladesz
76%
9.Filipiny
73%
10.Filipiny
73%
8.Filipiny
73%
9.Syria
73%
Rozwój społeczny1.Singapur
70%
Gęstość zaludnienia1.Singapur
70%
2.Singapur
70%
9.Kuwejt
67%
2.Kuwejt
67%
5.Tajwan
67%
5.Tajwan
67%
6.Jordania
65%
10.Bahrajn
58%
2.Bahrajn
58%
6.Bahrajn
58%
7.Liban
58%
5.Brunei
53%
3.Malediwy
50%
7.Timor Wschodni
50%
7.Cypr
48%
8.Cypr
48%

Rozkład punktacji

Percentyl według liczby udzielonych odpowiedzi

Procent ludzi z każdym wynikiem

Twoja historia wyników

Nie rozwiązałeś tego quizu